• 首页
  • 本馆介绍
  • 公告通知
  • 最新文献
  • 馆藏检索
  • 电子资源
  • 读者导购
  • 参考咨询
  • 我的图书馆
  • 登录
  • 详细信息显示
  • 放入我的书架
  • 预约/预借图书
  • 作者相关作品
  • 分类相关作品
  • 丛书相关作品
  • 出版社相关作品

书目信息

  • 表格格式
  • 工作单格式
  • 卡片格式
书名: Field computation by moment methods
作者: [by] Roger F. Harrington
分册号:
分册名:
出版地: New York :
 
出版社: Macmillan
出版时间: [c1968].
页数: ix, 229 p. :
开本: 24 cm.
丛书名: Macmillan series in electrical science
中图分类号:
科图分类号:
其他分类号: O174.43
主题词:
电子资源:
000 01019nam 2200313 a 4500
001 E0756890616
005 20070225155355.32
008 uu
008 00010 eng
010    @a68010184 //r902
020    @cCNY1.30.
040    @aDLC @cDLC @dDLC @dICU
049    @aN5LA
050 00 @aQC20.2 @b.H3
082 00 @a537.1/1
090    @a2/O441.4/HRF//////*962379/-80/ 2cop.
090    @aO174.43
096    @aO441.4 @v2
099    @dO174.43@ex43
100 10 @aHarrington, Roger F.
245 10 @aField computation by moment methods / @c[by] Roger F. Harrington
260 0  @aNew York :@bMacmillan,@c[c1968].
300    @aix, 229 p. :@billus. ;@c24 cm.
440  0 @aMacmillan series in electrical science
504    @aIncludes bibliographies.
650  0 @aElectromagnetic theory.
650  0 @aUnified field theories. @b00 @c20020930 @lNLC09 @h2246 @b00 @c20021019 @lNLC09 @h1920 @lNLC09 @h2305 @lNLC09 @h1856
650  0 @aPhysics @xData processing.
852 9  @bWWJC @cJ08S @k2 @hO441.4 @iHRF
    
    Field computation by moment methods / / [by] Roger F. Harrington.-New York : : Macmillan, , [c1968].
    ix, 229 p. : : illus. ; ; 24 cm.- (Macmillan series in electrical science )
    Includes bibliographies.
    
    ISBN CNY1.30.
    
●
相关链接 在E读中查询图书 在五车中查询图书 在当当中查询图书 在豆瓣中查询图书


正题名:Field computation by moment methods     索取号:O174.43/x43         预约/预借

序号 登录号 条形码 馆藏地/架位号 状态 备注
1 68934   000454092   第四借阅区/ [索取号:O174.43/x43] 在馆    
2 68935   000454136   第四借阅区/ [索取号:O174.43/x43] 在馆    
唐山师范学院图书馆 欢迎您!
大连网信软件有限公司© 版权所有